Top 10 des communes de France par lettre - T - Statistiques

Statistiques générales
  • Ce quiz a été pris 129 fois
  • Le résultat moyen est 6 sur 10
Statistiques - réponses
Région Population Commune % Correct
Occitanie 511.684 Toulouse
99%
Provence-Alpes-Côte-d'Azur 180.834 Toulon
95%
Centre-Val de Loire 138.668 Tours
91%
Hauts-de-France 99.160 Tourcoing
76%
Occitanie 44.529 Tarbes
61%
Grand Est 62.443 Troyes
53%
Grand Est 42.778 Thionville
51%
Nouvelle-Aquitaine 45.869 Talence
44%
Auvergne-Rhône-Alpes 37.689 Thonon-les-Bains
36%
Île-de-France 38.210 Tremblay-en-France
16%
Aucun quiz correspondant
Distribution des résultats
% des personnes avec chaque résultat
Percentile par nombre de réponses
Votre historique - résultats
Vous n’avez pas pris ce quiz